Get the Picture: Hogwarts Heads of House Quiz Stats

 Plays Quiz Updated Jul 16, 2019

Score 0/20 Timer 04:00
1 Play Today
Question Answer Wrong Answers
Which Head of House is head of Slytherin house?
95.2%
1%
0.4%
0.5%
Which Head of House killed Albus Dumbledore?
95.1%
0.8%
0.6%
0.5%
Which Head of House is head of Gryffindor house?
94.5%
1%
0.9%
0.6%
Which Head of House teaches Potions and Defense Against the Dark Arts?
94.4%
1.9%
0.4%
0.3%
Which Head of House is part Goblin?
93%
1%
1.1%
1.9%
Which Head of House's first name is Pomona?
91.2%
3.9%
0.8%
0.9%
Which Head of House teaches Herbology?
90.7%
2.1%
1.1%
3.2%
Which Head of House bought Harry a Nimbus 2000?
89.4%
5.7%
1.3%
0.9%
Which Head of House grows mandrakes to cure petrified students?
88.9%
2.3%
2.4%
3.4%
Which Head of House was present when baby Harry was delivered to the Dursleys?
88.5%
6.2%
0.9%
1%
Which Head of House teaches Transfiguration?
87.9%
2.9%
4.3%
2.2%
Which Head of House is head of Hufflepuff house?
87.7%
2.4%
1%
5.9%
Which Head of House is an animagus?
84.8%
4.4%
4.2%
3.5%
Which Head of House is killed by Nagini?
83.4%
2%
5.7%
5.8%
Which Head of House conducts the Frog Choir?
83.4%
2.3%
1.1%
10.4%
Which Head of House is head of Ravenclaw house?
82.2%
2.7%
1.8%
10.3%
Which Head of House teaches Charms?
81.1%
7.9%
3.8%
4.1%
Which Head of House taught their students about Venemous Tentacula?
74.4%
4%
14.5%
4.2%
Which Head of House is a skilled Legilimens?
69.9%
6.1%
12.7%
8.4%
Which Head of House deployed winged keys to protect the Sorcerer's Stone?
62.2%
20.1%
12.5%
2%

Today's Daily Dose

Missing Word
Celine Dion

Word Ladder
Dr. Seuss Books

Quick Pick
Cities in India

Get the Picture
'A' Actresses

You're not logged in!

Compare scores with friends on all Sporcle quizzes.
OR
Log In

Sporcle TV

Today on Sporcle TV


Watch our educational content, quiz creation guides, and fun videos on Sporcle TV.

Show Comments

Extras

Top Quizzes Today


Score Distribution

Your Account Isn't Verified!

In order to create a playlist on Sporcle, you need to verify the email address you used during registration. Go to your Sporcle Settings to finish the process.

Report this User

Report this user for behavior that violates our Community Guidelines.

Details: